000 01732cam a2200349 i 4500
003 SA-RiAUC
005 20241029074923.0
008 241024s2003 le g b 000 0dara c
020 _a2745138510
020 _a9782745138514
024 0 _a77000000006429
040 _aJO-IrYU
_bara
_cSA-RiAUC
_erda
050 4 _bS55 2003
050 1 4 _bT335 2003
082 0 4 _a258.3
_qSA-RiAUC
090 _a258.3
_bش ي ر
100 1 _aالشيرازي، إبراهيم بن علي بن يوسف،
_d393-476 هجري
_eمؤلف.
245 1 2 _aالتبصرة في أصول الفقه على مذهب الإمام أبي عبد الله محمد بن إدريس الشافعي /
_cتأليف الإمام أبو إسحاق إبراهيم بن علي بن يوسف الشيرازي ؛ تحقيق محمد حسن محمد حسن إسماعيل.
250 _aالطبعة الأولى.
264 1 _aبيروت :
_bدار الكتب العلمية،
_c2003
300 _a320 صفحة ؛
_c24 سم
336 _aنص
_btxt
_2rdacontent
_3كتاب
337 _aبدون وسيط
_bn
_2rdamedia
338 _aمجلد
_bnc
_2rdacarrier
504 _aيشتمل على إرجاعات ببليوجرافية.
600 1 7 _aالإمام الشافعي، محمد بن إدريس بن العباس،
_d150-204 هجري
_xدين
_2aucnm
650 7 _aالفقه الشافعي
_2aucsh
700 1 _aالشافعي، محمد حسن محمد حسن إسماعيل
_eمحقق.
700 1 2 _iتحقيق لـ (عمل) :
_aالشيرازي، إبراهيم بن علي بن يوسف،
_d393-476 هجري.
_tالتبصرة في أصول الفقه.
942 _2ddc
_cBOOK
_n0
949 _aSA-JeALM
_d241024
_umohamedma123
_n1
999 _c1859
_d1859